000 01412nam a22004217a 4500
001 BR8007333
003 BR-BrBNA
005 20230928090840.0
007 ta
008 230509b bl.||||| |||| 00| 0 por d
040 _aBR-BrBNA
_bpor
_cBiblioteca Nacional de Agricultura
041 _a(Por)
072 _aF00; A50; H60
_b0150
_b0120
_b1540
_b0332
_b/G514
090 _ 0150 BR8007333
100 1 _aSeguy, L.
100 1 _aBouzinac, S.
100 1 _aSilva, J.J.M.
100 1 _aSantos, R.R.S.
100 1 _aMesquita, M.L.R.
100 1 _aMartins, M.A.S.
110 1 _aEmpresa Maranhense de Pesquisa Agropecuaria, Sao Luis, MA (Brasil);
_94228
110 1 _aInstitut de Recherches Agronomiques Tropicales et des Cultures Vivrieres, Paris (France)
245 1 _aFixacao da agricultura etinerante e luta contra as ervas daninhas nos sistemas de producao manuais praticada pelos pequenos agricultores da regiao dos cocais-Maranhao 1979 - 1981 [Brasil]
260 3 _aSao Luis, MA (Brasil):
_c1980.
300 _a123 p.
500 _a35 graphs. (*) Documento disponível na(o) EMAPA, Sao Luis, MA (Brazil)
650 _aPRODUCAO VEGETAL
650 _aPESQUISA AGRICOLA
650 _aERVA DANINHA
650 _aARROZ
650 _aMILHO
650 _aMANDIOCA
650 _aAMENDOIM
650 _aCOCAIS
650 _aMARANHAO
909 _a202309
_bLucia
_c55
_dLucia Elande
942 _cBK
999 _c30881
_d30881